Hardest countries and capitals - Statistics

General Stats
  • This quiz has been taken 28 times
  • The average score is 10 of 20
Answer Stats
Answer % Correct
Country Palau
64%
Capital Nukuʻalofa
60%
Capital South Tarawa
60%
Country Vanuatu
60%
Country Kiribati
56%
Capital Majuro
56%
Country Marshall Islands
56%
Country Nauru
56%
Capital Ngerulmud
56%
Capital Palikir
56%
Country Tuvalu
56%
Capital Yaren
56%
Capital Honiara
52%
Country São Tomé and Príncipe
48%
Country Comoros
36%
Country Saint Vincent and the Grenadines
36%
Capital Gitega
32%
Country Grenada
32%
Capital Yamoussoukro
28%
Capital Malabo
20%
No matching quizzes found
Score Distribution
Percent of People with Each Score
Percentile by Number Answered
Your Score History
You have not taken this quiz